000 00443nam a2200181Ia 4500
001 10287
005 20260306161821.0
008 260306t1986||||xx |||||||||||||| ||spa||
041 _aESP
082 _a914.652
_bA67 T. 2
100 _aArbeloa, Víctor Manuel
_eAUT
245 0 _aPor Navarra:
_bde burlada a sumbilla
260 _c1986
300 _a200 páginas :
_c24 cm.
650 _aGEN
654 _aCHU
942 _cLIB
_dJUS
_fJUS
_2ddc
_n
999 _c10287
_d10287